[Event "Paraiba-ch 25th"]
[Site "Joao Pessoa"]
[Date "2017.12.08"]
[Round "2"]
[White "De Almeida, Valdemiza Gurgel"]
[Black "Guedes, Joao Felipe de Arau"]
[Result "0-1"]
[WhiteElo "1389"]
[BlackElo "1526"]
[PlyCount "96"]
[EventDate "2017.12.08"]
[EventType "swiss"]
[EventRounds "5"]
[EventCountry "BRA"]
[SourceTitle "EXT 2019"]
[Source "ChessBase"]
[SourceDate "2018.10.10"]
[SourceVersion "1"]
[SourceVersionDate "2018.10.10"]
[SourceQuality "1"]

1. e4 c5 2. Bc4 Nc6 3. c3 Nf6 4. d3 Na5 5. Qa4 Nxc4 6. Qxc4 d6 7. Nf3 Be6 8. Qa4+ Qd7 9. Qc2 Bg4 10. Nbd2 e6 11. e5 Bxf3 12. Nxf3 dxe5 13. Nxe5 Qd5 14. Qa4+ Nd7 15. Bf4 f6 16. Nxd7 Qxd7 17. Qxd7+ Kxd7 18. 0-0 Rd8 19. Rad1 Bd6 20. Be3 b6 21. d4 Kc6 22. b3 cxd4 23. cxd4 Rhe8 24. g3 Kd5 25. Rb1 Re7 26. a4 Rc8 27. h4 Rc3 28. h5 Rd7 29. b4 Rc4 30. a5 Rxb4 31. Rxb4 Bxb4 32. axb6 axb6 33. Rb1 Ba5 34. Rb5+ Kc4 35. Rb1 b5 36. h6 gxh6 37. Bxh6 Rxd4 38. Bg7 Bd8 39. Rc1+ Kd3 40. Rc8 b4 41. Rc6 e5 42. Bxf6 Bxf6 43. Rxf6 b3 44. Rb6 Kc2 45. f3 b2 46. Rc6+ Kd1 47. Rb6 Rd2 48. f4 exf4 0-1

[Event "Joao Pessoa Fischer Memorial 8th"]
[Site "Joao Pessoa"]
[Date "2017.03.18"]
[Round "3"]
[White "Azevedo, Eduardo Jose E"]
[Black "Guedes, Joao Felipe de Arau"]
[Result "0-1"]
[WhiteElo "1831"]
[BlackElo "1476"]
[PlyCount "98"]
[EventDate "2017.03.17"]
[EventType "swiss"]
[EventRounds "6"]
[EventCountry "BRA"]
[SourceTitle "CBM 177 Extra"]
[Source "ChessBase"]
[SourceDate "2017.04.27"]
[SourceVersion "1"]
[SourceVersionDate "2017.04.27"]
[SourceQuality "1"]

1. d4 d5 2. c4 c6 3. cxd5 cxd5 4. Nf3 Nc6 5. Nc3 Bg4 6. Bf4 e6 7. e3 Nf6 8. Bb5 Bd6 9. Qa4 Bxf4 10. Bxc6+ bxc6 11. Qxc6+ Nd7 12. exf4 Bxf3 13. gxf3 Qc8 14. Qxc8+ Rxc8 15. Kd2 Rb8 16. b3 Ke7 17. Na4 Rhc8 18. Rhc1 Kf6 19. Nc5 Nxc5 20. Rxc5 Rxc5 21. dxc5 Ke7 22. Ke3 Kd7 23. b4 Kc6 24. a4 a6 25. Rb1 a5 26. Rb3 Ra8 27. Kd4 axb4 28. Rxb4 Ra5 29. Rb6+ Kc7 30. Rb4 Kc6 31. Rb6+ Kc7 32. Rb4 g6 33. f5 gxf5 34. f4 h6 35. h3 h5 36. h4 Kc8 37. c6 Kc7 38. Rb7+ Kxc6 39. Rxf7 Rxa4+ 40. Ke3 Re4+ 41. Kf3 d4 42. Rf8 Kc7 43. Rf7+ Kd6 44. Rf8 Kc5 45. Rd8 Kb4 46. Rb8+ Kc3 47. Rc8+ Kd2 48. Ra8 d3 49. Ra2+ Kc1 0-1

[Event "Paraibano-ch sf"]
[Site "Joao Pessoa"]
[Date "2016.10.15"]
[Round "2.6"]
[White "Da Silva Junior, Antonio Gomes"]
[Black "Guedes, Joao Felipe de Arau"]
[Result "1-0"]
[WhiteElo "1875"]
[BlackElo "1443"]
[PlyCount "87"]
[EventDate "2016.10.14"]
[EventType "swiss"]
[EventRounds "5"]
[EventCountry "BRA"]
[SourceTitle "EXT 2022"]
[Source "ChessBase"]
[SourceDate "2021.10.06"]
[SourceVersion "1"]
[SourceVersionDate "2021.10.06"]
[SourceQuality "1"]

1. e4 c5 2. Nf3 Nc6 3. Bc4 d6 4. c3 Bg4 5. Bxf7+ Kd7 6. Qb3 Na5 7. Qb5+ Kc8 8. d4 Qb6 9. Qe8+ Qd8 10. Qa4 Bd7 11. Qc2 h6 12. b4 Nc6 13. Bf4 Qc7 14. bxc5 e5 15. cxd6 Bxd6 16. dxe5 Nxe5 17. Bxe5 Bxe5 18. Nxe5 Qxe5 19. Bxg8 Rxg8 20. 0-0 Re8 21. Nd2 Bc6 22. f3 g5 23. Rad1 h5 24. Kh1 Bb5 25. c4 Bc6 26. c5 Kc7 27. Nb1 Rad8 28. Qc3 Qxc3 29. Nxc3 Re5 30. Rxd8 Kxd8 31. Rd1+ Ke7 32. Rc1 Kf7 33. Ne2 Kf6 34. Kg1 g4 35. Kf2 gxf3 36. gxf3 h4 37. Nd4 Rg5 38. Nxc6 bxc6 39. f4 Rh5 40. Kf3 Rh7 41. Rd1 Re7 42. Rd6+ Kg7 43. e5 Kf7 44. Rxc6 1-0

[Event "Joao Pessoa Fischer Memorial 7th"]
[Site "Joao Pessoa"]
[Date "2016.03.13"]
[Round "6"]
[White "Guedes, Joao Felipe de Arau"]
[Black "Sallaberry, Ana Paula Nogueira"]
[Result "1-0"]
[WhiteElo "1418"]
[BlackElo "1573"]
[PlyCount "59"]
[EventDate "2016.03.11"]
[EventType "swiss"]
[EventRounds "6"]
[EventCountry "BRA"]
[SourceTitle "CBM 171 Extra"]
[Source "ChessBase"]
[SourceDate "2016.04.26"]
[SourceVersion "1"]
[SourceVersionDate "2016.04.26"]
[SourceQuality "1"]

1. d4 Nf6 2. Nf3 e6 3. c4 d5 4. Nc3 Nbd7 5. Bg5 h6 6. Bh4 Be7 7. cxd5 exd5 8. h3 c6 9. e3 Qa5 10. a3 0-0 11. Bd3 Qd8 12. 0-0 Ne8 13. Bxe7 Qxe7 14. Re1 Nd6 15. e4 dxe4 16. Nxe4 Nf6 17. Nxd6 Qxd6 18. Qc2 Be6 19. Bc4 Nd5 20. Rad1 Rae8 21. Rd2 Re7 22. Rde2 Rfe8 23. Ne5 Nf4 24. Re4 Bf5 25. Nxf7 Nxh3+ 26. Kf1 Qf6 27. Nxh6+ Kf8 28. Nxf5 Qxf5 29. Rxe7 Qxc2 30. Rxe8# 1-0

[Event "Joao Pessoa Fischer Memorial 7th"]
[Site "Joao Pessoa"]
[Date "2016.03.12"]
[Round "4"]
[White "Guedes, Joao Felipe de Arau"]
[Black "Oliveira, Matheus H Nascimen"]
[Result "1/2-1/2"]
[WhiteElo "1418"]
[BlackElo "1588"]
[PlyCount "125"]
[EventDate "2016.03.11"]
[EventType "swiss"]
[EventRounds "6"]
[EventCountry "BRA"]
[SourceTitle "CBM 171 Extra"]
[Source "ChessBase"]
[SourceDate "2016.04.26"]
[SourceVersion "1"]
[SourceVersionDate "2016.04.26"]
[SourceQuality "1"]

1. d4 Nf6 2. Nf3 d5 3. c4 c6 4. Nc3 Bf5 5. h3 e6 6. Bg5 Be7 7. Nh4 Bg6 8. Nxg6 hxg6 9. e3 Nbd7 10. cxd5 exd5 11. Be2 Qc7 12. Qc2 Bb4 13. a3 Ne4 14. axb4 Nxg5 15. 0-0 Nf6 16. f4 Nge4 17. Nxe4 Nxe4 18. Bd3 f5 19. Bxe4 fxe4 20. b5 Kd7 21. Rac1 Rac8 22. bxc6+ Qxc6 23. Qxc6+ Rxc6 24. Rxc6 Kxc6 25. f5 gxf5 26. Rxf5 Rh6 27. Rf7 Rg6 28. h4 a5 29. Kf2 b6 30. h5 Rg5 31. h6 gxh6 32. Rf6+ Kb5 33. Rxh6 a4 34. Rd6 Ka5 35. g4 b5 36. Kg3 Kb4 37. Kf4 Rg8 38. Rxd5 Rb8 39. g5 Kb3 40. g6 Kxb2 41. g7 b4 42. Rb5 Rxb5 43. g8Q b3 44. d5 a3 45. d6 a2 46. Qg2+ Kb1 47. d7 a1Q 48. Qg1+ Kb2 49. Qxa1+ Kxa1 50. d8Q Kb2 51. Kxe4 Rb4+ 52. Kf5 Ka3 53. Qd1 b2 54. Qb1 Rc4 55. Qd3+ Kb4 56. Qd2+ Kb3 57. Qd3+ Rc3 58. Qb5+ Ka2 59. Qa5+ Ra3 60. Qd5+ Ka1 61. Qd4 Ka2 62. Qd2 Ka1 63. Qd4 1/2-1/2

[Event "Joao Pessoa Fischer Memorial 7th"]
[Site "Joao Pessoa"]
[Date "2016.03.11"]
[Round "2"]
[White "Guedes, Joao Felipe de Arau"]
[Black "Lucena, Helianto dos Santos"]
[Result "0-1"]
[WhiteElo "1418"]
[BlackElo "1815"]
[PlyCount "54"]
[EventDate "2016.03.11"]
[EventType "swiss"]
[EventRounds "6"]
[EventCountry "BRA"]
[SourceTitle "CBM 171 Extra"]
[Source "ChessBase"]
[SourceDate "2016.04.26"]
[SourceVersion "1"]
[SourceVersionDate "2016.04.26"]
[SourceQuality "1"]

1. d4 Nf6 2. Nf3 g6 3. c4 d5 4. Nc3 Bg7 5. Bg5 c6 6. e3 Bg4 7. h3 Bxf3 8. Qxf3 e6 9. cxd5 cxd5 10. e4 dxe4 11. Nxe4 Qa5+ 12. Qc3 Qxc3+ 13. Nxc3 0-0 14. Bc4 Nc6 15. d5 exd5 16. Nxd5 Nxd5 17. Bxd5 Rfe8+ 18. Be3 Bxb2 19. Rb1 Bc3+ 20. Kf1 Rab8 21. g3 Bg7 22. Bf4 Rbd8 23. Bf3 Nd4 24. Bxb7 Ne2 25. Bc7 Rd2 26. a4 Nc3 27. Rb4 Ree2 0-1